00543nam a22001697a 450000500170000001000170001702000260003403500170006003700240007708200120010110000170011324501120013026000330024227000580027530000220033350000180035520120118115944.0 aB-470544-561 a9781445407449c395.00 aB-470544-561 adplbBlue Berry/Ven a910.922 aAdams, Simon aEncyclopedia of great explorers:bdiscover the world in the footsteps of famous explorers /cby Simon Adams aBath BK, UK.bParragonc2010 aQuen Street House, 4 Queen Street, bBath BAI IHE, UK a224p.c24 cm (Hb) aInclude index